000
00220nam a22001217a 4500
040
_c
SY
082
_a
363
100
_a
NA
245
_a
Non-traditional security
260
_a
RUA
_b
NA
_c
NA
300
_a
20p.
942
_c
KB
999
_c
9729
_d
9729